Computer applications in business / (Record no. 27440)

MARC details
000 -LEADER
fixed length control field 00976nam a2200277 4500
005 - DATE AND TIME OF LATEST TRANSACTION
control field 20090613162711.0
008 - FIXED-LENGTH DATA ELEMENTS--GENERAL INFORMATION
fixed length control field 730717s1974 nyua | bs 001 0 eng
010 ## - LCCN (DPL NO)
LC control number ENG-93987
020 ## - INTERNATIONAL STANDARD BOOK NUMBER
International Standard Book Number 9780070081147
Terms of availability 130.00
020 ## - INTERNATIONAL STANDARD BOOK NUMBER
International Standard Book Number 007008114X
Terms of availability 130.00
035 ## - SYSTEM CONTROL NUMBER
System control number EN-77520
037 ## - SOURCE OF ACQUISITION
Source of stock number/acquisition DBAD / PUB
040 ## - CATALOGING SOURCE
Original cataloging agency dpl
Language of cataloging English
082 ## - DEWEY DECIMAL CLASSIFICATION NUMBER
Classification number 650.0285
100 ## - MAIN ENTRY--PERSONAL NAME
Personal name Mohan Kumar, K.
245 ## - TITLE STATEMENT
Title Computer applications in business /
Statement of responsibility, etc by K. Mohan Kumar [and] S. Rajkumar
250 ## - EDITION STATEMENT
Edition statement 2nd ed.
260 ## - PUBLICATION, DISTRIBUTION, ETC. (IMPRINT)
Place of publication, distribution, etc New Delhi
Name of publisher, distributor, etc Tata McGraw-Hill Publishing
Date of publication, distribution, etc 2009
270 ## - ADDRESS
Address 7 West Patel Nagar,
City New Delhi
Postal code 110008
300 ## - PHYSICAL DESCRIPTION
Extent xii, 235 p.
Dimensions 22cm(pbk)
500 ## - GENERAL NOTE
General note Includes index
650 ## - SUBJECT ADDED ENTRY--TOPICAL TERM
Topical term or geographic name as entry element Management.
700 ## - ADDED ENTRY--PERSONAL NAME
Personal name Rajkumar, S.
942 ## - ADDED ENTRY ELEMENTS (KOHA)
Source of classification or shelving scheme Dewey Decimal Classification
Item type English Books
Classification part 650.0285
Call number suffix MOH
Holdings
Withdrawn status Lost status Source of classification or shelving scheme Damaged status Not for loan Collection code Home library Current library Date acquired Source of acquisition Cost, normal purchase price Total Checkouts Full call number Barcode Date last seen Copy number Cost, replacement price Koha item type
    Dewey Decimal Classification   Not For Loan Non-fiction D.B.Act.Division D.B.Act.Division 13/06/2009 DBAD / PUB 130.00   650.0285 MOH EN-77520 13/06/2009 1 130.00 English Books

© Delhi Public Library
Hit Counter
free hit counter